00656nam a2200205Ia 4500003000900000008004100009020001800050040001600068080001600084100002600100245009300126250001200219260003400231300001400265650002500279650002900304942000700333999001700340952009300357IN-BaIIA211028s9999 xx 000 0 eng d a0-19-851156-6 cIIA Library a539.18bWOO aWoodgate, G. K919765 0aElementary atomic structurecG. K Woodgate  a2nd ed. aOxfordbClarendon Pressc1992 aix, 228p. aAtomic physics91547 aElementary pticles93037 cBK c11467d11467 00104070aBANbBANcGENd1995-09-28l0o539.18/ WOOp12382r2021-11-05w1995-09-28yBK